L'escola tècnica portada a casa /
Descripción Física:
15 pàg. ; fotgrafies b/n ; 19 cm
Materias:
Escola Superior d'Agricultura de Barcelona -- Currículums
; Catalunya. Extensió d'Ensenyament Tècnic -- Currículums
; Cursos per correspondència
Idioma:
Catalán
MARC
| LEADER | 00000nam a22000007a 4500 | ||
|---|---|---|---|
| 001 | 28365 | ||
| 003 | AGDB | ||
| 005 | 20260324181521.0 | ||
| 008 | 231128b spa||||| |||| 00| 0 cat d | ||
| 040 | |a agdb |b cat | ||
| 100 | |9 20004 |a Catalunya. Extensió d'Ensenyament Tècnic | ||
| 245 | |a L'escola tècnica portada a casa / |c Extensió d'Ensenyament Tècnic de la Mancomunitat de Catalunya | ||
| 260 | |a Barcelona : |b Mancomunitat de Catalunya : |b A. López Llausás Imp. ; |c [192- ?] | ||
| 300 | |a 15 pàg. ; |b fotgrafies b/n ; |c 19 cm | ||
| 556 | |a Prové de: 201-Escola Universitària d’Enginyeria Tècnica Industrial de Barcelona (EUETIB) (1908-1998) | ||
| 610 | 0 | |9 70057 |a Escola Superior d'Agricultura de Barcelona |x Currículums | |
| 650 | 0 | |2 Arxiu |9 33042 |a Catalunya. Extensió d'Ensenyament Tècnic |x Currículums | |
| 650 | 0 | |2 Arxiu |9 33043 |a Cursos per correspondència | |
| 710 | 2 | |9 53015 |a Catalunya. |b Mancomunitat | |
| 942 | |2 udc |c ARXIU |n 1 | ||
| 952 | |0 0 |1 0 |4 0 |6 FU7635 |7 1 |9 96472 |a Arxiu |b Arxiu |d 2023-11-28 |l 0 |o FU-76-35 |p 28365 |r 2023-11-28 00:00:00 |w 2023-11-28 |y ARXIU | ||
| 999 | |c 128292 |d 128292 | ||